Limitaciones internas de los formalismos: (Registro nro. 14324)

Detalles MARC
000 -Cabecera
Campo de control interno 00561nam a2200181Ia 4500
005 - Fecha y hora del registro
control field 20260306164906.0
008 - Elementos de Longitud Fija
fixed length control field 260306t1969||||xx |||||||||||||| ||spa||
041 ## - Idioma
Codigo Idioma ESP
082 ## - DEWEY y NOTACIÓN INTERNA
Dewey 511.3
Notación Interna L512
100 ## - AUTOR
Autor denominación Ladriére, Jean
Término de relación autor
245 #0 - TÍTULO DE MATERIAL BIBLIOGRÁFICO
Título Limitaciones internas de los formalismos:
Título paralelo estudios sobre la significaciòn del teorema de Godel y teorema conexos en la teorìa de los fundamentos de las matemáticas
260 ## - CIUDAD, EDITORIAL, AÑO
Año 1969
300 ## - DESCRIPCIÓN
N° Páginas 545 páginas :
Dimensiones 23 cm.
650 ## - TEMAS
Temas Generalidades
654 ## - PROGRAMAS
Programa Dpto. de Matemáticas
942 ## - ELEMENTOS DE KOHA
Tipo de documento Libro
Nombre del creador Justo Noguera
Código de catalogador Justo Noguera
Esquema de clasificación Dewey Decimal Classification
Suppress in OPAC
Existencias
Codigo completo Registro Colección Copia número Disponibilidad Tipo de préstamo Biblioteca Actual Procedencia (Biblioteca) Ubicacón Fecha Ingreso Tipo de Adquisición Date last seen Total checkouts Price effective from Tipo de Item Estado del Material Fuente de Clasificación Damaged status Withdrawn status
511.3 L512 1051229 Colección Navarra 1 Disponible Disponible Víctor Andrés Belaunde Víctor Andrés Belaunde Segundo piso 03/06/2026 Donación 06/03/2026   06/03/2026 Libro Bueno Dewey Decimal Classification